NLSUI OPAC header image

Company board meetings : Law and practice (Record no. 11154)

MARC details
000 -LEADER
fixed length control field 00440nam a2200157Ia 4500
008 - FIXED-LENGTH DATA ELEMENTS--GENERAL INFORMATION
fixed length control field 160316s1995 xxu||||| |||| 00| 0 eng d
082 ## - DEWEY DECIMAL CLASSIFICATION NUMBER
Classification number 346.066450
Item number AGA
100 ## - MAIN ENTRY--PERSONAL NAME
Personal name Agarwal R K
245 ## - TITLE STATEMENT
Title Company board meetings : Law and practice
250 ## - EDITION STATEMENT
Edition statement 3rd
260 ## - PUBLICATION, DISTRIBUTION, ETC.
Place of publication, distribution, etc. Delhi
Name of publisher, distributor, etc. Hind Law Publishers
Date of publication, distribution, etc. 1995
300 ## - PHYSICAL DESCRIPTION
Extent 208p
Other physical details
Dimensions
365 ## - TRADE PRICE
Price amount Rs150/-
650 ## - SUBJECT ADDED ENTRY--TOPICAL TERM
Topical term or geographic name entry element 1. Corporate Law - Practice - Board Meetings - Company Law
700 ## - ADDED ENTRY--PERSONAL NAME
Personal name
--
Holdings
Withdrawn status Lost status Damaged status Not for loan Home library Current library Shelving location Date acquired Cost, normal purchase price Total Checkouts Full call number Barcode Date last seen Price effective from Koha item type
        NLS NLS Library Compactors 30/05/2017 150.00   346.06645 AGA 11451 30/05/2017 30/05/2017 BOOKs